Európából jöttek
Elmentve itt :
| Dokumentumtípus: | Cikk |
|---|---|
| Megjelent: |
2000-09-08
|
| Sorozat: | Délmagyarország
90 No. 211 |
| Kulcsszavak: | Európai Hallgatók Egyesülete |
| Online Access: | http://dmarchiv.bibl.u-szeged.hu/81018 |
| LEADER | 00407nab a2200145 i 4500 | ||
|---|---|---|---|
| 001 | delm81018 | ||
| 005 | 20191028133811.0 | ||
| 008 | 191028s2000 hu o 0|| hun d | ||
| 040 | |a SZTE Délmagyarország Archívum |b hun | ||
| 041 | |a hun | ||
| 245 | 0 | 0 | |a Európából jöttek |h [elektronikus dokumentum] |
| 260 | |c 2000-09-08 | ||
| 300 | |a 3 | ||
| 490 | 0 | |a Délmagyarország |v 90 No. 211 | |
| 695 | |a Európai Hallgatók Egyesülete | ||